Poética cognitiva: análisis textual de una fantasía
Gespeichert in:
| 1. Verfasser: | |
|---|---|
| Format: | Buch |
| Sprache: | Spanisch |
| Veröffentlicht: |
Alcalá de Henares
Universidad de Alcala
2007
|
| Schriftenreihe: | Monografías Humanidades, 22
|
| Schlagworte: | |
| Tags: |
Tag hinzufügen
Keine Tags, Fügen Sie den ersten Tag hinzu!
|
MARC
| LEADER | 00000nam a2200000 a 4500 | ||
|---|---|---|---|
| 001 | UCI9343 | ||
| 003 | CL-VaPUC | ||
| 008 | 081113e20070000SP |||||||||||||||||spa|d | ||
| 020 | |a 9788481387506 | ||
| 082 | 0 | 4 | |a 808.3 |b POR |2 21 |
| 100 | 0 | |a Porto Requejo, María Dolores |e author |9 533026 | |
| 245 | 1 | 0 | |a Poética cognitiva: análisis textual de una fantasía |
| 300 | |a 163 p | ||
| 942 | |c BK | ||
| 945 | |d 20081113 00:00:00 |a rbrito | ||
| 260 | |a Alcalá de Henares |b Universidad de Alcala |c 2007 | ||
| 650 | 0 | |a Retórica de la novela |9 533027 | |
| 650 | 0 | |a Análisis del discurso |9 256696 | |
| 650 | 7 | |a LINGUISTICA COGNITIVA |2 CL-VaPUC |9 453657 | |
| 583 | |a last modification |c 20081113 00:00:00 |k Rodrigo Vera | ||
| 490 | 0 | |a Monografías Humanidades, 22 | |
| 999 | |c 331902 |d 331900 | ||
| 952 | |0 0 |1 0 |4 0 |6 808_300000000000000_POR_2007 |7 0 |8 A |9 419116 |a FDOPOS |b FDOPOS |d 2019-11-22 |i 4495799 |o 808.3 POR 2007 |p 4495799 |r 2025-01-22 |w 2019-11-22 |y BK |k DLH | ||